ბათუმის შოთა რუსთაველის სახელმწიფო უნივერსიტეტის ბიბლიოთეკა

წმინდა გრიგოლ დეკაპოლელი ; წმინდა გრიგოლ დიალოღოსი / (ბიბ.ჩანაწერი № 46276)

000 -ლიდერი
ფიქსირებული სიგრძის საკონტროლო ველი 01841nam a2200265Ia 4500
001 - საკონტროლო ნომერი
საკონტროლო ველი 13110
003 - საკონტროლო ნომრის იდენტიფიკატორი
საკონტროლო ველი GE_BSU
005 - ბოლო ოპერაციის თარიღი და დრო
საკონტროლო ველი 20240826150606.0
008 - ფიქსირებული სიგრძის მონაცემთა ელემენტები - ზოგადი ინფორმაცია
ფიქსირებული სიგრძის საკონტროლო ველი 181216s2014||||ge |||||||||||||| ||geo||
020 ## - წიგნის საერთაშორისო სტანდარტული ნომერი
International Standard Book Number 9789941218019
040 ## - კატალოგიზაციის წყარო
Transcribing agency GE_BSU
041 ## - ენის კოდი
Language code of text/sound track or separate title geo
080 ## - უნივერსალური ათობითი კლასიფიკაციის ინდექსი
Universal Decimal Classification number 27-36 წ-71
245 ## - ცნობა სათაურის შესახებ
Title წმინდა გრიგოლ დეკაპოლელი ; წმინდა გრიგოლ დიალოღოსი /
Statement of responsibility, etc შემდგენელი კახაბერ კენკიშვილი ; გარეკანის დიზაინი ეთერ გზირიშვილი.
264 ## - წარმოების, გამოცემის, დისტრიბუციის და სხვა ცნობები
გამოცემის, წარმოების, დისტრიბუციის... ადგილი თბილისი :
გამოცემის, წარმოების, დისტრიბუციის... სახელწოდება პალიტრა L,
გამოცემის, წარმოების, დისტრიბუციის... თარიღი 2014.
300 ## - ფიზიკური აღწერა
Extent 253 გვ. ;
Dimensions 20 სმ.
490 ## - სერიის ცნობა
Series statement საქართველოს იმედი II : ყველა წმინდანი, რომელთა შესახებაც უნდა იცოდე, 2298-0547 / პროექტის რედაქტორი თამარ მამაცაშვილი ;
Volume number/sequential designation წ. 8
500 ## - ზოგადი შენიშვნა
General note ბეჭდება სრულიად საქართველოს კათოლიკოს-პატრიარქის, უწმინდესისა და უნეტარესის ილია II-ის ლოცვა-კურთხევით
653 ## - INDEX TERM--UNCONTROLLED
Uncontrolled term წმინდა გრიგოლ დეკაპოლელი
653 ## - INDEX TERM--UNCONTROLLED
Uncontrolled term წმინდა გრიგოლ დიალოღოსი
653 ## - INDEX TERM--UNCONTROLLED
Uncontrolled term წმინდა მამათა ცხოვრება
700 ## - ADDED ENTRY--PERSONAL NAME
Personal name კენკიშვილი, კახაბერ
Relator term შემდგენილი
9 (RLIN) 23118
700 ## - ADDED ENTRY--PERSONAL NAME
Personal name გზირიშვილი, ეთერ
Relator term გარეკანის დიზაინი
9 (RLIN) 23119
942 ## - ADDED ENTRY ELEMENTS (KOHA)
Koha item type წიგნი
Source of classification or shelving scheme
ეგზემპლარები
ჩამოწერის სტატუსი დაკარგული ეგზემპლარის სტატუსი კლასიფიკაციის წყარო ან თაროზე გაწყობის სქემა დაზიანების სტატუსი არ გაიცემა მუდმივი მდებარეობა (დაცვის ადგილი) ამჟამინდელი ადგილსამყოფელი თაროზე განთავსების ადგილი შეძენის თარიღი ღირებულება, შესყიდვის ნორმალური ფასი სრული შენახვის შიფრი შტრიხკოდი ბოლო ოპერაციის თარიღი ეგზემპლარის მიმდევრობითი ნომერი (კეტერი?) ფასის ძალაში შესვლის თარიღი ეგზემპლარის სახეობა საჯარო შენიშვნა
          ბათუმის შოთა რუსთაველის სახელმწიფო უნივერსიტეტის მთავარი ბიბლიოთეკა ბათუმის შოთა რუსთაველის სახელმწიფო უნივერსიტეტის მთავარი ბიბლიოთეკა წიგნსაცავი 2018-12-17 2.00 27-36 წ-71 27210 2018-12-17 27210 2018-12-17 წიგნი 2.00 ₾.